| 000 | 00388nam a2200157 4500 | ||
|---|---|---|---|
| 005 | 20260430095657.0 | ||
| 008 | 260430b |||||||| |||| 00| 0 eng d | ||
| 020 | _a9781134646807 | ||
| 082 |
_a418 _bORT-U |
||
| 100 | _aOrtega Lourdes | ||
| 245 | _aUnderstanding Second Language Acquisition | ||
| 260 |
_aNew York _bRoutledge |
||
| 300 | _a304p | ||
| 650 | _aEnglish | ||
| 942 | _cBK | ||
| 999 |
_c47436 _d47436 |
||